| 000 | 00680nam a2200229Ia 4500 | ||
|---|---|---|---|
| 008 | 150520s9999 xx 000 0 und d | ||
| 050 | _aBF 724 | ||
| 050 | _b.D418 2015 | ||
| 100 | _aDe Ocampo, Lorraine M. | ||
| 245 | _aPsychosocial development and personality types of selected late adolescents exposed to anime / | ||
| 245 | _cLorraine M. De Ocampo. | ||
| 260 | _aLas PiƱas, Philippines : | ||
| 260 | _bSISC, | ||
| 260 | _c2015. | ||
| 300 | _a106 pages: | ||
| 300 | _billustrations ; | ||
| 300 | _c28 cm. | ||
| 500 | _aIncludes bibliographical references and appendices. | ||
| 650 | _aAdolescent | ||
| 650 | _aPsychosocial development | ||
| 650 | _xPsychology | ||
| 999 |
_c284119 _d284119 |
||